000
00307nam a22001337a 4500
008
170426b xxu||||| |||| 00| 0 eng d
020
_a
9780716769354
041
_a
eng
080
_2
2ND
_a
547
100
_a
12
101
_a
SHM
245
_a
TECHNIQUES IN ORGANIC CHEMISTRY
_c
MOHRIG, J.R
942
_2
udc
_c
BK
999
_c
12073
_d
12073